000 01170nam0a22002891 4500
001 RU\NLR\INFOCOMM_253\5000045488
005 20250613100441.0
035 _a(NLR Aleph) 009343360
090 _a9526586
_c9526586
100 _a20101029d1984 |||y0rusy50 ca
101 0 _aeng
102 _aRU
105 _ay ||||000|y
200 1 _aMethodological guide on reviewing primary sources in scientific and technical information
_eThe training material prep. for the Course for inform. officers a. documentalists from developing countries held by VINITI (12 Apr. - 20 June 1984)
_fS. Ya. Fokin
_gUNIDO. Interregional training course for industr. inform. officers a. documentalists
210 _aМосква
_cВИНИТИ
_d1984
215 _a39 с.
_d26 см
320 _aБиблиогр.: с. 33-34
606 _aДокументы первичные
_xМетодика составления
_2nlr_sh1
686 _aЧ231.117
_2rubbk
686 _aЧ23я7
_2rubbk
700 1 _9z02790
_aFokin
_bS. Ja.
_4070
790 1 _9z02700
_aFokin
_bS. Ya.
_4070
801 1 _aRU
_bNLR
_c20101029
801 0 _aRU
_bNLR
_gPSBO
852 _aNLR
_jПр91 Д-8/195
942 _cBOOK
980 _aNB